Polscy medaliści na igrzyskach w Paryżu 2024 - Statystyki

Ogólne statystyki
  • Ten quiz został rozwiązany 26 razy
  • Średni wynik to 6 z 10
Statystyki odpowiedzi
Dyscyplina Medalista Medal % Poprawnych
Wspinaczka sportowa Aleksandra Mirosław Złoto
92%
Tenis Iga Świątek Brąz
92%
Siatkówka Kamil Semeniuk| Aleksander Śliwka| Tomasz Fornal| Norbert Huber| Marcin Janusz| Jakub Kochanowski| Mateusz Bieniek| Grzegorz Łomacz| Paweł Zatorski| Bartłomiej Bołądź| Łukasz Kaczmarek| Wilfredo Leon| Bartosz Kurek Srebro
84%
Boks Julia Szeremeta Srebro
80%
Lekkoatletyka Natalia Kaczmarek Brąz
72%
Wspinaczka sportowa Aleksandra Kałucka Brąz
60%
Kolarstwo Torowe Daria Pikulik Srebro
60%
Kajakarstwo Klaudia Zwolińska Srebro
36%
Szermierka Renata Knapik-Miazga| Alicja Klasik| Martyna Swatowska-Wenglarczyk| Aleksandra Jarecka Brąz
32%
Wioślarstwo Mateusz Biskup| Fabian Barański| Mirosław Ziętarski| Dominik Czaja Brąz
20%
Nie znaleziono quizów pasujących do podanych kryteriów
Rozkład punktacji
Procent ludzi z każdym wynikiem
Percentyl według liczby udzielonych odpowiedzi
Twoja historia wyników
Nie rozwiązałeś tego quizu